[Event "Kandidatklassen 2001"]
[Site "Nyborg"]
[Date "2001.04.14"]
[Round "5"]
[White "Carstensen, Jacob"]
[Black "Sorensen, Torben N"]
[Result "1/2-1/2"]
[WhiteElo "2224"]
[BlackElo "2327"]
[PlyCount "104"]
[EventDate "2001.??.??"]

1. d4 Nf6 2. c4 c5 3. d5 b5 4. cxb5 a6 5. bxa6 g6 6. Nc3 Bxa6 7. e4 Bxf1 8.
Kxf1 d6 9. g3 Bg7 10. Kg2 O-O 11. Nf3 Nbd7 12. h3 Ra6 13. Qe2 Qa8 14. Rb1 Rb8
15. b3 Ne8 16. Bb2 Bxc3 17. Bxc3 Rxa2 18. Qe3 Nc7 19. h4 Nb5 20. Ba1 Nd4 21.
Nxd4 cxd4 22. Bxd4 Qa6 23. b4 Ra3 24. Qd2 Rd3 25. b5 Qxb5 26. Rxb5 Rxd2 27.
Rxb8+ Nxb8 28. Be3 Rc2 29. Rb1 Rc8 30. Rb7 Kf8 31. h5 Ke8 32. hxg6 hxg6 33. Bd4
Nd7 34. Ra7 f6 35. Ra4 Rb8 36. f3 Rb7 37. Rc4 Kf7 38. Kf2 f5 39. Ke3 fxe4 40.
fxe4 Rb1 41. Rc2 Nf6 42. Kf3 Re1 43. Be3 Rd1 44. Rd2 Rc1 45. Bd4 Rc4 46. Ke3
Ra4 47. Rf2 Ra3+ 48. Kf4 Rd3 49. Bb2 Rb3 50. g4 Rb4 51. Bxf6 Kxf6 52. g5+ Kf7
1/2-1/2

[Event "Kandidatklassen 2001"]
[Site "Nyborg"]
[Date "2001.04.14"]
[Round "5"]
[White "Bromann, Thorbjorn"]
[Black "Palo, Davor"]
[Result "0-1"]
[WhiteElo "2299"]
[BlackElo "2324"]
[PlyCount "144"]
[EventDate "2001.??.??"]

1. b3 c5 2. Bb2 Nc6 3. e3 e5 4. Bb5 d6 5. d4 cxd4 6. exd4 Bd7 7. Nf3 e4 8. Nfd2
Nf6 9. O-O a6 10. Bxc6 Bxc6 11. Re1 d5 12. f3 Bb4 13. a3 Ba5 14. fxe4 dxe4 15.
Kh1 O-O 16. c4 Re8 17. b4 Bc7 18. d5 Qd6 19. Nf1 Bd7 20. Qd2 b6 21. Nc3 Re5 22.
Ne2 e3 23. Qc2 Rf5 24. Neg3 Rf2 25. Qc3 h5 26. c5 bxc5 27. bxc5 Qxd5 28. Nxe3
Qg5 29. Nd1 Rf4 30. Bc1 h4 31. Bxf4 Qxf4 32. Nf1 Bb5 33. Qf3 Qxf3 34. gxf3 Ba5
35. Nde3 Bxe1 36. Rxe1 Rc8 37. Rc1 Nd7 38. Nd2 Rxc5 39. Rxc5 Nxc5 40. Kg2 Bd7
41. f4 Kh7 42. Nec4 f6 43. Nb6 Be6 44. Nf3 Nd3 45. Nxh4 Nxf4+ 46. Kf2 Kh6 47.
Nf3 Kh5 48. Kg3 Ne2+ 49. Kf2 Nc3 50. Nd4 Bg4 51. Nb3 Kh4 52. a4 Kh3 53. Nc5
Kxh2 54. Nxa6 g5 55. Nc7 Bd1 56. Nc4 Bxa4 57. Nd2 Bc6 58. Nf1+ Kh3 59. Ne6 Ne4+
60. Kg1 Bd7 61. Nd4 f5 62. Ne3 f4 63. Nd5 Bc8 64. Nf3 Kg3 65. Nh2 Ba6 66. Ne7
f3 67. Nf5+ Kf4 68. Ne7 g4 69. Nd5+ Kg3 70. Ne3 f2+ 71. Kh1 Kh3 72. Ng2 Ng3#
0-1

[Event "Kandidatklassen 2001"]
[Site "Nyborg"]
[Date "2001.04.14"]
[Round "5"]
[White "Lund, Silas"]
[Black "Pedersen, Nicolai Vesterbaek"]
[Result "0-1"]
[WhiteElo "2305"]
[BlackElo "2365"]
[PlyCount "140"]
[EventDate "2001.??.??"]

1. c4 Nf6 2. Nc3 e6 3. e4 d5 4. e5 d4 5. exf6 dxc3 6. bxc3 Qxf6 7. Nf3 e5 8.
Bd3 Bd6 9. O-O O-O 10. Rb1 Na6 11. Bc2 Bf5 12. d4 exd4 13. cxd4 Bxc2 14. Qxc2
c5 15. Bg5 Qe6 16. Rxb7 cxd4 17. Nxd4 Bxh2+ 18. Kxh2 Qe5+ 19. Kg1 Qxg5 20. Nf5
Nc5 21. Rb5 Ne6 22. c5 g6 23. Ng3 Nd4 24. Qb2 Qd5 25. Ra5 Rfe8 26. Qc3 Rad8 27.
c6 Qxc6 28. Qxc6 Nxc6 29. Ra6 Rd6 30. Rc1 Ree6 31. Rc4 Ne5 32. Rxd6 Rxd6 33.
Ra4 f5 34. Nf1 a6 35. Ne3 Kg7 36. Kf1 Rb6 37. g3 Rb1+ 38. Kg2 Rb2 39. Rxa6 Nd3
40. Ra7+ Kh6 41. Ra3 Rxf2+ 42. Kg1 Rd2 43. Nf1 Rd1 44. Rc3 f4 45. gxf4 Nxf4 46.
Kf2 Nd3+ 47. Kg2 Nf4+ 48. Kf2 Ra1 49. a3 Kg5 50. Rg3+ Kf5 51. Rb3 Kg5 52. Rg3+
Kh4 53. Rb3 g5 54. Ne3 g4 55. Nf5+ Kg5 56. Ng3 h5 57. Ke3 Ng2+ 58. Kf2 Ra2+ 59.
Kg1 h4 60. Ne4+ Kf5 61. Nf2 g3 62. Rb5+ Kf4 63. Nd1 h3 64. Rb4+ Kg5 65. Nc3
Ra1+ 66. Rb1 Rxb1+ 67. Nxb1 Nf4 68. Nc3 Kg4 69. a4 h2+ 70. Kh1 Kh3 0-1

[Event "Kandidatklassen 2001"]
[Site "Nyborg"]
[Date "2001.04.15"]
[Round "6"]
[White "Harholm, Jes Uffe"]
[Black "Borbjerggaard, Lars"]
[Result "0-1"]
[WhiteElo "2134"]
[BlackElo "2373"]
[PlyCount "30"]
[EventDate "2001.??.??"]

1. e4 c6 2. d4 d5 3. e5 c5 4. dxc5 Nc6 5. Bf4 e6 6. Nd2 Bxc5 7. Nb3 Be7 8. Qg4
g5 9. Bb5 h5 10. Qg3 h4 11. Qg4 Nh6 12. Qh5 gxf4 13. Nh3 Qb6 14. Bxc6+ bxc6 15.
Nxf4 Qb4+ 0-1

[Event "Kandidatklassen 2001"]
[Site "Nyborg"]
[Date "2001.04.15"]
[Round "6"]
[White "Bromann, Thorbjorn"]
[Black "Baekgaard, Martin"]
[Result "1-0"]
[WhiteElo "2299"]
[BlackElo "2259"]
[PlyCount "39"]
[EventDate "2001.??.??"]

1. e4 d6 2. d4 Nf6 3. Nc3 e5 4. f4 exd4 5. Qxd4 Nc6 6. Bb5 Bd7 7. Bxc6 Bxc6 8.
Nf3 Be7 9. Bd2 O-O 10. O-O-O Re8 11. Rhe1 Bf8 12. Re2 d5 13. e5 Ne4 14. Be1
Nxc3 15. Bxc3 b6 16. f5 Bb7 17. Qg4 c5 18. Ng5 Qc7 19. Rd3 Ba6 20. Nxh7 1-0

[Event "Kandidatklassen 2001"]
[Site "Nyborg"]
[Date "2001.04.15"]
[Round "6"]
[White "Matthiesen, Martin"]
[Black "Larsen, Karsten"]
[Result "1/2-1/2"]
[WhiteElo "2295"]
[BlackElo "2320"]
[PlyCount "52"]
[EventDate "2001.??.??"]

1. d4 Nf6 2. c4 g6 3. Nc3 Bg7 4. e4 d6 5. Nf3 O-O 6. Be2 e5 7. O-O Nc6 8. d5
Ne7 9. b4 a5 10. bxa5 Rxa5 11. a4 Nd7 12. Ba3 Ra8 13. Bb4 Bh6 14. Nd2 f5 15.
Nb3 b6 16. a5 Nc5 17. Ra3 Bd7 18. axb6 cxb6 19. Bxc5 bxc5 20. Qa1 Rxa3 21. Qxa3
fxe4 22. Nxe4 Bf5 23. Bf3 Bxe4 24. Bxe4 Nf5 25. g3 Qf6 26. Qa1 Nd4 1/2-1/2

[Event "Kandidatklassen 2001"]
[Site "Nyborg"]
[Date "2001.04.15"]
[Round "6"]
[White "Palo, Davor"]
[Black "Pedersen, Jan Rode"]
[Result "1-0"]
[WhiteElo "2324"]
[BlackElo "2182"]
[PlyCount "79"]
[EventDate "2001.??.??"]

1. d4 Nf6 2. c4 g6 3. Nc3 d5 4. cxd5 Nxd5 5. e4 Nxc3 6. bxc3 Bg7 7. Nf3 O-O 8.
Be2 c5 9. O-O Nc6 10. Be3 cxd4 11. cxd4 Bg4 12. d5 Bxf3 13. Bxf3 Na5 14. Rc1 b6
15. Bg4 f5 16. exf5 gxf5 17. Bf3 Qd6 18. Bg5 Rac8 19. Qe2 Bf6 20. Bxf6 Qxf6 21.
Qa6 Rxc1 22. Rxc1 Qb2 23. Re1 Qb4 24. Rc1 Qb2 25. Rd1 Qxa2 26. d6 Qf7 27. d7
Rd8 28. Qc8 Qf8 29. Bd5+ Kg7 30. Be6 Kf6 31. Re1 Qh8 32. Qc3+ Kg6 33. Qg3+ Kf6
34. h4 Qg7 35. Qe5+ Kg6 36. Bxf5+ Kh6 37. Qf4+ Kh5 38. g4+ Kxh4 39. g5+ Kh5 40.
Qg4# 1-0

[Event "Kandidatklassen 2001"]
[Site "Nyborg"]
[Date "2001.04.15"]
[Round "6"]
[White "Pedersen, Nicolai Vesterbaek"]
[Black "El Kher, Henrik"]
[Result "0-1"]
[WhiteElo "2365"]
[BlackElo "2316"]
[PlyCount "66"]
[EventDate "2001.??.??"]

1. d4 f5 2. g3 Nf6 3. Bg2 e6 4. Nh3 c5 5. e3 Be7 6. b3 O-O 7. O-O Na6 8. c4 d6
9. Bb2 Rb8 10. Nc3 b6 11. Qd2 Nc7 12. Rad1 Qe8 13. Rfe1 h6 14. Nf4 Bd7 15. dxc5
bxc5 16. e4 e5 17. Nfd5 Nfxd5 18. Nxd5 Nxd5 19. Qxd5+ Kh8 20. exf5 Bxf5 21. Qd2
Qg6 22. f4 Bg4 23. Ra1 Rbd8 24. fxe5 Bg5 25. Qc3 dxe5 26. Bd5 Bf3 27. Qxe5 Bf6
28. Qe6 Rxd5 29. Bxf6 Rd2 30. Re3 Rxf6 31. Qe8+ Qxe8 32. Rxe8+ Kh7 33. Re5 Bb7
0-1

[Event "Kandidatklassen 2001"]
[Site "Nyborg"]
[Date "2001.04.15"]
[Round "6"]
[White "Sorensen, Torben N"]
[Black "Rasmussen, Casper Dahl"]
[Result "1/2-1/2"]
[WhiteElo "2327"]
[BlackElo "2255"]
[PlyCount "53"]
[EventDate "2001.??.??"]

1. Nf3 d5 2. d4 Nf6 3. c4 dxc4 4. g3 c6 5. Bg2 Bf5 6. Nbd2 e6 7. Nxc4 Be7 8.
O-O O-O 9. Bg5 h6 10. Bxf6 Bxf6 11. Qb3 Qc7 12. Rac1 Rd8 13. Rfd1 Nd7 14. e3
Rac8 15. Ne1 Bg4 16. f3 Bh5 17. Nd3 g5 18. Qa3 Bg6 19. Qd6 Nb6 20. Qxc7 Rxc7
21. Nce5 Bxd3 22. Nxd3 Nd7 23. f4 Rdc8 24. b4 b6 25. Rc4 c5 26. bxc5 bxc5 27.
dxc5 1/2-1/2

[Event "Kandidatklassen 2001"]
[Site "Nyborg"]
[Date "2001.04.15"]
[Round "6"]
[White "Christensen, Stefan"]
[Black "Grabow, Pouelsten Holm"]
[Result "1-0"]
[WhiteElo "2160"]
[BlackElo "2186"]
[PlyCount "79"]
[EventDate "2001.??.??"]

1. e4 e6 2. d4 d5 3. Nc3 Nf6 4. Bg5 Be7 5. e5 Ng8 6. Bxe7 Nxe7 7. f4 b6 8. Bb5+
c6 9. Ba4 Bd7 10. a3 O-O 11. Nce2 c5 12. Bb3 Nf5 13. Qd2 cxd4 14. Nxd4 Nxd4 15.
Qxd4 Nc6 16. Qd3 f6 17. O-O-O fxe5 18. Bxd5 Rxf4 19. Be4 Be8 20. Bxh7+ Kh8 21.
Nh3 Rd4 22. Qg3 Kxh7 23. Ng5+ Kg8 24. Nxe6 Rxd1+ 25. Rxd1 Qe7 26. Ng5 Nd4 27.
Re1 Bg6 28. Rxe5 Ne2+ 29. Kd1 Nxg3 30. Rxe7 Nf5 31. Rc7 Ne3+ 32. Kd2 Nxg2 33.
Ne6 Bf7 34. Ng5 Bh5 35. Ne6 g6 36. Kc3 Nh4 37. h3 Nf5 38. Kd3 Re8 39. Nf4 Re7
40. Rc8+ 1-0

[Event "Kandidatklassen 2001"]
[Site "Nyborg"]
[Date "2001.04.15"]
[Round "6"]
[White "Aagaard, Jacob"]
[Black "Carstensen, Jacob"]
[Result "1-0"]
[WhiteElo "2364"]
[BlackElo "2224"]
[PlyCount "77"]
[EventDate "2001.??.??"]

1. d4 Nf6 2. c4 e6 3. Nf3 b6 4. e3 Bb7 5. Bd3 Be7 6. O-O O-O 7. Nc3 d5 8. b3 c5
9. Bb2 Nc6 10. Rc1 cxd4 11. exd4 Rc8 12. Re1 Re8 13. cxd5 exd5 14. Bf5 Ra8 15.
Ne5 g6 16. Bh3 a6 17. Ne2 Qd6 18. Nf4 Bf8 19. Nfd3 Ne7 20. Nxf7 Kxf7 21. Re6
Qd8 22. Ne5+ Kg7 23. Qf3 Nc6 24. Nxc6 Bxc6 25. Rexc6 Bd6 26. g3 Ne4 27. Qd3 Qf6
28. f3 Ng5 29. Bg2 b5 30. Ba3 Re6 31. Rxd6 Rxd6 32. f4 Nf7 33. Bxd6 Qxd6 34. f5
gxf5 35. Qxf5 Qh6 36. Rf1 Ra7 37. Bxd5 Qe3+ 38. Kh1 Ng5 39. Qf6# 1-0

[Event "Kandidatklassen 2001"]
[Site "Nyborg"]
[Date "2001.04.15"]
[Round "6"]
[White "Hagen, Andreas Skytte"]
[Black "Lindestrom, Torsten"]
[Result "0-1"]
[WhiteElo "2073"]
[BlackElo "2237"]
[PlyCount "124"]
[EventDate "2001.??.??"]

1. c4 f5 2. g3 Nf6 3. Bg2 g6 4. Nc3 Bg7 5. d3 O-O 6. e4 d6 7. Nge2 e5 8. O-O
Nc6 9. Nd5 Be6 10. h3 Qd7 11. exf5 gxf5 12. f4 Rae8 13. Be3 Qf7 14. fxe5 Nxd5
15. cxd5 Bxd5 16. Nc3 Bxg2 17. Kxg2 Bxe5 18. Qd2 Qg6 19. Bf4 Nd4 20. Rae1 c6
21. Ne2 Ne6 22. d4 Bxf4 23. Nxf4 Qf7 24. Nxe6 Rxe6 25. a3 Rxe1 26. Rxe1 f4 27.
gxf4 Qxf4 28. Qxf4 Rxf4 29. Re7 Rf7 30. Re6 d5 31. Kg3 Kf8 32. h4 Re7 33. Rh6
Kg7 34. Rd6 a5 35. a4 Re4 36. Rd7+ Kg6 37. Rxb7 Rxd4 38. b3 Kf5 39. Rb6 Ke4 40.
Rxc6 h5 41. Rc5 Rd3+ 42. Kg2 Rxb3 43. Rxa5 Ra3 44. Ra8 d4 45. Kf2 Rh3 46. a5
Rxh4 47. a6 Kd3 48. a7 Rf4+ 49. Kg3 Rf7 50. Kh3 Rd7 51. Kg3 Kd2 52. Kh3 Kd1 53.
Kg3 d3 54. Kh4 d2 55. Kg3 Rc7 56. Kf2 Kc2 57. Rd8 Rxa7 58. Rc8+ Kd1 59. Rh8 Rc7
60. Ra8 Kc1 61. Ra1+ Kb2 62. Rd1 Kc2 0-1

[Event "Kandidatklassen 2001"]
[Site "Nyborg"]
[Date "2001.04.15"]
[Round "6"]
[White "Matthiesen, Arne"]
[Black "Pedersen, Jan"]
[Result "0-1"]
[WhiteElo "2270"]
[BlackElo "2358"]
[PlyCount "244"]
[EventDate "2001.??.??"]

1. d4 Nf6 2. c4 e6 3. Nf3 Nc6 4. g3 Bb4+ 5. Bd2 Qe7 6. Bg2 Bxd2+ 7. Nbxd2 d6 8.
O-O a5 9. e4 e5 10. d5 Nb8 11. b3 O-O 12. Nh4 Na6 13. a3 Bd7 14. Rb1 Rfb8 15.
Re1 c5 16. a4 Nb4 17. Nf1 Rf8 18. Ne3 g6 19. Bf3 Ne8 20. Bg4 Ng7 21. Bxd7 Qxd7
22. Nc2 Nxc2 23. Qxc2 f5 24. f3 Rf6 25. Rf1 Raf8 26. Qe2 Qf7 27. Ng2 Nh5 28.
Rbe1 fxe4 29. Qxe4 Rxf3 30. Rxf3 Qxf3 31. Qxf3 Rxf3 32. Ne3 Ng7 33. Kg2 Rf7 34.
Ng4 Nf5 35. Nf2 Kf8 36. Ne4 h6 37. h4 Ke7 38. Re2 Nd4 39. Re3 Rf8 40. Rc3 Rf5
41. Re3 Rf8 42. Rc3 Ra8 43. Re3 Ra6 44. Kh3 Rb6 45. Nd2 Kf6 46. Ne4+ Ke7 47.
Nd2 Rb4 48. Rc3 h5 49. Kg2 Rb6 50. Re3 Kf6 51. Ne4+ Kf5 52. Nd2 Kf6 53. Ne4+
Ke7 54. Nd2 Ra6 55. Ne4 Ra8 56. Rc3 Rf8 57. Re3 Nc2 58. Re2 Nb4 59. Rd2 Rf5 60.
Re2 Na6 61. Re3 Nc7 62. Ng5 Ne8 63. Ne6 Rf7 64. Ng5 Rf8 65. Ne6 Rf5 66. Re2 Kd7
67. Re1 Nc7 68. Ng5 Ke7 69. Re3 Na6 70. Ne4 Nb8 71. Ng5 Nd7 72. Ne6 b6 73. Re2
Nb8 74. Re3 Na6 75. Re2 Kd7 76. Ng7 Rf7 77. Ne6 Nc7 78. Ng5 Rf5 79. Re3 Ke7 80.
Re2 Ne8 81. Ne6 Rf7 82. Ng5 Rf8 83. Ne6 Rf5 84. Re3 Nf6 85. Ng7 Ng4 86. Re2 Rf6
87. Ne6 Nh6 88. Ng5 Nf7 89. Ne6 g5 90. hxg5 Rg6 91. Kh3 Nxg5+ 92. Nxg5 Rxg5 93.
Rd2 e4 94. Re2 Re5 95. g4 Kf6 96. Kh4 e3 97. gxh5 Kf5 98. h6 Kf4 99. h7 Re8
100. Kh5 Kf3 101. Rh2 e2 102. Rh1 Kf2 103. Kg6 e1=Q 104. Rxe1 Kxe1 105. Kg7 Kd2
106. h8=Q Rxh8 107. Kxh8 Kc3 108. Kg7 Kxb3 109. Kf6 Kxc4 110. Ke6 Kb4 111. Kxd6
c4 112. Ke6 c3 113. d6 c2 114. d7 c1=Q 115. d8=Q Qc6+ 116. Ke5 Qc5+ 117. Ke4
Kxa4 118. Qd1+ Kb5 119. Qa1 a4 120. Kd3 Qc4+ 121. Kd2 Kc5 122. Qh8 Qd4+ 0-1

[Event "Kandidatklassen 2001"]
[Site "Nyborg"]
[Date "2001.04.15"]
[Round "6"]
[White "Lund, Silas"]
[Black "Pedersen, Christian Kyndel"]
[Result "1/2-1/2"]
[WhiteElo "2305"]
[BlackElo "2222"]
[PlyCount "156"]
[EventDate "2001.??.??"]

1. c4 Nf6 2. Nc3 g6 3. e4 d6 4. d4 Bg7 5. Be2 O-O 6. Bg5 h6 7. Be3 e5 8. d5
Nbd7 9. h4 Nc5 10. Qc2 Ng4 11. Bxg4 Bxg4 12. h5 Bd7 13. hxg6 fxg6 14. Nge2 h5
15. O-O-O Rf7 16. f3 Bf6 17. Qd2 Qe7 18. Rdg1 Rh7 19. Kb1 Rf8 20. Nd1 b6 21. b4
Nb7 22. Ndc3 a5 23. a3 Rff7 24. Rc1 Qf8 25. Nd1 Be7 26. Nf2 Rfg7 27. Bh6 Rxh6
28. Qxh6 Qd8 29. Qd2 Bg5 30. f4 exf4 31. Nxf4 Qf6 32. N2d3 Qd4 33. Qc3 Qxe4 34.
Rce1 Qf5 35. Rhf1 Rf7 36. Ne6 Qxf1 37. Nxg5 Qf6 38. Qxf6 Rxf6 39. Re7 Bf5 40.
Kc2 axb4 41. axb4 Nd8 42. Rxc7 Nf7 43. Nf3 h4 44. Nxh4 Bxd3+ 45. Kxd3 Ne5+ 46.
Ke4 Rf2 47. Nf3 Nf7 48. g3 Re2+ 49. Kf4 Rf2 50. Ke4 Re2+ 51. Kd4 Rg2 52. Rb7
Rxg3 53. Nd2 Ne5 54. Ke4 Rg2 55. Ke3 Rg3+ 56. Kf2 Rd3 57. Ke1 Re3+ 58. Kd1 Rd3
59. Kc1 Rc3+ 60. Kb2 Rd3 61. Ne4 Nxc4+ 62. Kc2 Rf3 63. Ng5 Rf5 64. Kc3 Ne3 65.
Ne6 Nxd5+ 66. Kd4 Nxb4 67. Rg7+ Kh8 68. Rxg6 Nc6+ 69. Kc3 Rf3+ 70. Kc2 Ne5 71.
Rh6+ Kg8 72. Nd4 Rf2+ 73. Kc3 Nf7 74. Rg6+ Kf8 75. Rg1 Ke7 76. Rb1 Ng5 77. Rxb6
Ne4+ 78. Kc4 Nf6 1/2-1/2

[Event "Kandidatklassen 2001"]
[Site "Nyborg"]
[Date "2001.04.16"]
[Round "7"]
[White "Pedersen, Jan"]
[Black "El Kher, Henrik"]
[Result "1-0"]
[WhiteElo "2358"]
[BlackElo "2316"]
[PlyCount "131"]
[EventDate "2001.??.??"]

1. e4 c5 2. Nf3 Nc6 3. Bb5 g6 4. O-O Bg7 5. Re1 Nf6 6. c3 O-O 7. h3 d5 8. e5
Ne8 9. d4 cxd4 10. cxd4 Nc7 11. Bf1 b6 12. Nc3 Qd7 13. Bg5 Ne6 14. Be3 Bb7 15.
Bb5 a6 16. Bxc6 Bxc6 17. Qd2 Rfc8 18. Bh6 a5 19. Bxg7 Kxg7 20. Ng5 Bb7 21.
Nxe6+ Qxe6 22. Ne2 Qd7 23. Rac1 Ba6 24. Nf4 Qd8 25. Rc3 Rxc3 26. bxc3 Bc4 27.
Re3 e6 28. Rg3 Kf8 29. h4 Ra7 30. h5 Ke7 31. hxg6 hxg6 32. Nxg6+ Kd7 33. Nf4
Qe7 34. Rg7 Kc6 35. Nh5 Qa3 36. Qf4 Qxa2 37. Rxf7 Qa1+ 38. Kh2 Ra8 39. Qf6 Kb5
40. Qxe6 Rh8 41. Qd7+ Ka6 42. Qb7+ Kb5 43. Rh7 Rxh7 44. Qxh7 Qxc3 45. e6 Kb4
46. Qb1+ Qb3 47. Qe1+ Qc3 48. Qe5 a4 49. Nf4 Kb3 50. e7 Bb5 51. Nxd5 Qd3 52.
Nf4 Qh7+ 53. Kg3 Qg8+ 54. Kf3 Qc4 55. e8=Q Qc3+ 56. Kg4 Bxe8 57. Qxe8 a3 58.
Ne2 Qc4 59. Qe3+ Kb2 60. Qd2+ Qc2 61. Qb4+ Qb3 62. Qxb3+ Kxb3 63. d5 a2 64.
Nc1+ Kc4 65. Nxa2 Kxd5 66. f4 1-0

[Event "Kandidatklassen 2001"]
[Site "Nyborg"]
[Date "2001.04.16"]
[Round "7"]
[White "Aagaard, Jacob"]
[Black "Pedersen, Christian Kyndel"]
[Result "0-1"]
[WhiteElo "2364"]
[BlackElo "2222"]
[PlyCount "82"]
[EventDate "2001.??.??"]

1. d4 Nf6 2. c4 g6 3. Nc3 Bg7 4. e4 d6 5. Nf3 O-O 6. Be2 e5 7. dxe5 dxe5 8.
Qxd8 Rxd8 9. Bg5 Re8 10. Nd5 Nxd5 11. cxd5 c6 12. Bc4 Bg4 13. O-O-O cxd5 14.
Bxd5 Nc6 15. Kb1 Rac8 16. h3 Bxf3 17. gxf3 Nd4 18. Bxb7 Rc7 19. Bd5 Nxf3 20.
Be3 Rec8 21. Rd3 Nd4 22. Rhd1 Kf8 23. f4 Ne2 24. fxe5 Bxe5 25. Bb3 Bf4 26. Bxf4
Nxf4 27. Rd7 Nxh3 28. Bxf7 Nf2 29. Rf1 Rxd7 30. Be6 Rf7 31. Bxf7 Kxf7 32. Rxf2+
Ke6 33. Rc2 Rxc2 34. Kxc2 h5 35. Kd3 h4 36. Ke3 h3 37. Kf3 g5 38. Kg3 g4 39. b4
Ke5 40. a4 Kxe4 41. b5 Kd5 0-1

[Event "Kandidatklassen 2001"]
[Site "Nyborg"]
[Date "2001.04.16"]
[Round "7"]
[White "Grabow, Pouelsten Holm"]
[Black "Hagen, Andreas Skytte"]
[Result "1/2-1/2"]
[WhiteElo "2186"]
[BlackElo "2073"]
[PlyCount "69"]
[EventDate "2001.??.??"]

1. Nf3 e6 2. d4 Nf6 3. g3 d5 4. Bg2 Be7 5. O-O Nbd7 6. b3 O-O 7. Bb2 c5 8. Nbd2
b6 9. c4 Bb7 10. Rc1 Rc8 11. Ne1 Re8 12. Nd3 cxd4 13. Bxd4 Rc7 14. cxd5 Bxd5
15. Bxd5 Nxd5 16. Rxc7 Qxc7 17. Qa1 Bf8 18. Rc1 Qb7 19. Rc4 Rc8 20. Qc1 Rxc4
21. Qxc4 Qc7 22. e4 Qxc4 23. Nxc4 Nb4 24. Nxb4 Bxb4 25. Kf1 f6 26. Ke2 Kf7 27.
a3 Be7 28. f3 b5 29. Na5 Bxa3 30. Bxa7 Nc5 31. Bxc5 Bxc5 32. Kd3 Ke8 33. Nc6
Kd7 34. Nd4 Bxd4 35. Kxd4 1/2-1/2

[Event "Kandidatklassen 2001"]
[Site "Nyborg"]
[Date "2001.04.16"]
[Round "7"]
[White "Christensen, Stefan"]
[Black "Carstensen, Jacob"]
[Result "0-1"]
[WhiteElo "2160"]
[BlackElo "2224"]
[PlyCount "84"]
[EventDate "2001.??.??"]

1. e4 c5 2. Nf3 d6 3. d4 cxd4 4. Nxd4 Nf6 5. Nc3 a6 6. f4 e5 7. Nf3 Nbd7 8. a4
Be7 9. Bd3 O-O 10. O-O Nc5 11. Kh1 exf4 12. Bxf4 Bg4 13. Qd2 Bh5 14. Nd4 Bg6
15. Rae1 d5 16. exd5 Nxd3 17. cxd3 Re8 18. Nf3 Nxd5 19. Nxd5 Qxd5 20. d4 Bf6
21. Be5 Bd8 22. Rc1 Be4 23. Bc7 Bf6 24. Rc5 Qd7 25. Be5 Bxf3 26. Bxf6 Re2 27.
Qf4 Bxg2+ 28. Kg1 Bxf1 29. Rg5 g6 30. Kxf1 Rae8 31. Be5 f6 32. Kxe2 fxg5 33.
Qf6 Qg4+ 34. Kd2 Rxe5 35. dxe5 Qf4+ 36. Qxf4 gxf4 37. Ke2 g5 38. Kf3 Kf7 39. h3
Ke6 40. Ke4 a5 41. b3 h6 42. Kd4 f3 0-1

[Event "Kandidatklassen 2001"]
[Site "Nyborg"]
[Date "2001.04.16"]
[Round "7"]
[White "Matthiesen, Martin"]
[Black "Matthiesen, Arne"]
[Result "1/2-1/2"]
[WhiteElo "2295"]
[BlackElo "2270"]
[PlyCount "43"]
[EventDate "2001.??.??"]

1. d4 d5 2. c4 c6 3. Nf3 Nf6 4. Nc3 dxc4 5. a4 c5 6. e3 e6 7. Bxc4 cxd4 8. exd4
Nc6 9. O-O Be7 10. Re1 O-O 11. Bf4 Bd7 12. Nb5 a6 13. Nc7 Rc8 14. d5 exd5 15.
Nxd5 Nxd5 16. Bxd5 Na5 17. Rxe7 Qxe7 18. Bd6 Qf6 19. Bxf8 Rxf8 20. b4 Bc6 21.
Bxc6 Nxc6 22. b5 1/2-1/2

[Event "Kandidatklassen 2001"]
[Site "Nyborg"]
[Date "2001.04.16"]
[Round "7"]
[White "Rasmussen, Allan Stig"]
[Black "Pedersen, Jan Rode"]
[Result "1-0"]
[WhiteElo "2274"]
[BlackElo "2182"]
[PlyCount "49"]
[EventDate "2001.??.??"]

1. e4 e5 2. Nf3 Nc6 3. d4 exd4 4. Nxd4 Nf6 5. Nc3 Bb4 6. Nxc6 bxc6 7. Bd3 d5 8.
exd5 cxd5 9. O-O O-O 10. Bg5 c6 11. Qf3 Be7 12. h3 Be6 13. Rfe1 Qd7 14. Ne2
Rab8 15. b3 Rbe8 16. Rad1 Qc8 17. Nd4 Kh8 18. c4 Ng8 19. Nxe6 fxe6 20. Qh5 Rf5
21. Bxf5 exf5 22. Bxe7 Rxe7 23. Rxe7 Nxe7 24. Qf7 Ng8 25. Re1 1-0

[Event "Kandidatklassen 2001"]
[Site "Nyborg"]
[Date "2001.04.16"]
[Round "7"]
[White "Borbjerggaard, Lars"]
[Black "Lund, Silas"]
[Result "1-0"]
[WhiteElo "2373"]
[BlackElo "2305"]
[PlyCount "101"]
[EventDate "2001.??.??"]

1. d4 e6 2. Nf3 c5 3. c3 b6 4. Bf4 Ba6 5. Nbd2 Nf6 6. h3 Be7 7. e3 Bxf1 8. Nxf1
O-O 9. N1d2 cxd4 10. exd4 a5 11. a4 Nd5 12. Bh2 d6 13. Qb3 Ra7 14. Nc4 Rd7 15.
O-O Qc7 16. Nfd2 Rfd8 17. Ne3 Nxe3 18. fxe3 Rc8 19. Qb5 Qc6 20. Qh5 Bf8 21. Rf4
g6 22. Qh4 Be7 23. Qh6 Bf8 24. Qh4 Be7 25. Qg3 e5 26. Rf2 exd4 27. exd4 Bf8 28.
Re1 Re7 29. Rxe7 Bxe7 30. Qf4 Rf8 31. Ne4 d5 32. Nf6+ Kg7 33. Qh4 Bxf6 34. Rxf6
Qxf6 35. Be5 Nd7 36. Bxf6+ Nxf6 37. Qf4 Re8 38. Qc7 Re1+ 39. Kf2 Ra1 40. g4 h6
41. Qe5 g5 42. h4 Kg6 43. Qf5+ Kg7 44. hxg5 Ne4+ 45. Ke3 Re1+ 46. Kd3 Nxg5 47.
Qxd5 Nh3 48. Qf5 Ra1 49. Kc2 Rxa4 50. Kb1 Rc4 51. Qf1 1-0

[Event "Kandidatklassen 2001"]
[Site "Nyborg"]
[Date "2001.04.16"]
[Round "7"]
[White "Sorensen, Torben N"]
[Black "Larsen, Karsten"]
[Result "1-0"]
[WhiteElo "2327"]
[BlackElo "2320"]
[PlyCount "79"]
[EventDate "2001.??.??"]

1. Nf3 g6 2. e4 Bg7 3. d4 d6 4. Bc4 Nf6 5. Qe2 O-O 6. O-O c6 7. Bb3 Bg4 8. Nbd2
Nfd7 9. h3 Bxf3 10. Nxf3 c5 11. c3 cxd4 12. cxd4 Nc6 13. Be3 Nb6 14. Rad1 Rc8
15. e5 e6 16. Ng5 d5 17. h4 h6 18. Nf3 f5 19. Qd2 Kh7 20. h5 gxh5 21. Qe2 Rg8
22. g3 Bf8 23. Kg2 h4 24. Rh1 hxg3 25. fxg3 Rg6 26. Rh5 Ne7 27. Bg5 Kg8 28.
Rdh1 Kf7 29. Bxh6 Bxh6 30. Rxh6 Ng8 31. Rxg6 Kxg6 32. Nh4+ Kg7 33. Qh5 Qe8 34.
Qg5+ Kf7 35. Ng6 Qb5 36. Rh7+ Ke8 37. Re7+ Kd8 38. Rxb7+ Ke8 39. Re7+ Kd8 40.
Rxa7+ 1-0